[Event "San Francisco TNM Winter op"]
[Site "San Francisco"]
[Date "2016.02.16"]
[Round "7"]
[White "Bayaraa, Bilguun"]
[Black "Rhizor, Jared"]
[Result "0-1"]
[WhiteElo "1033"]
[BlackElo "1246"]
[PlyCount "38"]
[EventDate "2016.01.05"]
[EventType "swiss"]
[EventRounds "8"]
[EventCountry "USA"]
[SourceTitle "EXT 2018"]
[Source "ChessBase"]
[SourceDate "2017.10.13"]
[SourceVersion "1"]
[SourceVersionDate "2017.10.13"]
[SourceQuality "1"]

1. d4 d5 2. Nc3 Nf6 3. e3 e6 4. Nf3 Bd6 5. Bd3 Nc6 6. 0-0 b6 7. Bd2 0-0 8. a3 Re8 9. Re1 e5 10. e4 dxe4 11. Nxe4 Bb7 12. c3 exd4 13. Nxd4 Nxd4 14. f3 Nb3 15. Rb1 Nxd2 16. Qxd2 c5 17. b3 Nxe4 18. Bxe4 Bxe4 19. Re2 Bxb1 0-1

[Event "San Francisco TNM Winter op"]
[Site "San Francisco"]
[Date "2016.01.12"]
[Round "2"]
[White "Rhizor, Jared"]
[Black "Dupree, Charles"]
[Result "0-1"]
[WhiteElo "1246"]
[BlackElo "1630"]
[PlyCount "72"]
[EventDate "2016.01.05"]
[EventType "swiss"]
[EventRounds "8"]
[EventCountry "USA"]
[SourceTitle "EXT 2018"]
[Source "ChessBase"]
[SourceDate "2017.10.13"]
[SourceVersion "1"]
[SourceVersionDate "2017.10.13"]
[SourceQuality "1"]

1. e4 c5 2. g3 e6 3. Bg2 Nc6 4. c3 b5 5. Nf3 d5 6. exd5 exd5 7. 0-0 Nf6 8. Qe2+ Be7 9. Qxb5 Qc7 10. d4 Bd7 11. Bf4 Qc8 12. Qd3 0-0 13. Re1 Bf5 14. Qd1 c4 15. Ne5 Re8 16. h3 Na5 17. g4 Be6 18. g5 Nd7 19. g6 hxg6 20. Nxg6 Bd8 21. Bxd5 Nf8 22. Bxa8 Nxg6 23. Qa4 Bb6 24. d5 Bd7 25. Rxe8+ Qxe8 26. Qd1 Nxf4 27. Bc6 Nxh3+ 28. Kf1 Nxc6 29. dxc6 Bxc6 30. Nd2 Nxf2 31. Qc2 Qe6 32. Re1 Qh3+ 33. Ke2 Qg4+ 34. Kf1 Bg2+ 35. Kg1 Bh3+ 36. Kh2 Qg2# 0-1

[Event "San Francisco TNM Fall op"]
[Site "San Francisco"]
[Date "2014.12.02"]
[Round "6"]
[White "Morgan, Jerry"]
[Black "Rhizor, Jared"]
[Result "1-0"]
[WhiteElo "1561"]
[BlackElo "1319"]
[PlyCount "109"]
[EventDate "2014.10.21"]
[EventType "swiss"]
[EventRounds "8"]
[EventCountry "USA"]
[SourceTitle "EXT 2016"]
[Source "ChessBase"]
[SourceDate "2015.10.08"]
[SourceVersion "1"]
[SourceVersionDate "2015.10.08"]
[SourceQuality "1"]

1. f4 e6 2. Nf3 Ne7 3. e4 g6 4. Bb5 a6 5. Ba4 b5 6. Bb3 Bb7 7. d3 Bg7 8. 0-0 0-0 9. c3 a5 10. Be3 b4 11. Bd4 f5 12. Bxg7 Kxg7 13. e5 a4 14. Bxa4 Nd5 15. Bxd7 Nxd7 16. Qd2 Qe7 17. c4 Qc5+ 18. Rf2 b3 19. cxd5 bxa2 20. Nc3 exd5 21. d4 Qb4 22. Ng5 Rfe8 23. Rxa2 h6 24. Nf3 c5 25. Rxa8 Rxa8 26. e6 Nf6 27. dxc5 Ra1+ 28. Rf1 Qxc5+ 29. Qd4 Rxf1+ 30. Kxf1 Ba6+ 31. Ke1 Qxd4 32. Nxd4 Bb7 33. Ke2 Ne4 34. Ndb5 Ba6 35. Ke3 Bxb5 36. Nxb5 Kf6 37. Nd4 Ke7 38. b4 Kd6 39. h3 g5 40. g4 fxg4 41. hxg4 Nf6 42. Kf3 gxf4 43. Kxf4 h5 44. gxh5 Nxh5+ 45. Kf5 Ng7+ 46. Kf6 Ne8+ 47. Kf7 Nc7 48. e7 Kd7 49. b5 Ne8 50. b6 Nd6+ 51. Kf8 Ne8 52. b7 Nc7 53. b8Q Ne6+ 54. Nxe6 Kxe6 55. e8Q+ 1-0

[Event "San Francisco TNM Fall op"]
[Site "San Francisco"]
[Date "2014.11.04"]
[Round "3"]
[White "Simpkins, Jerry"]
[Black "Rhizor, Jared"]
[Result "1-0"]
[WhiteElo "1500"]
[BlackElo "1319"]
[PlyCount "105"]
[EventDate "2014.10.21"]
[EventType "swiss"]
[EventRounds "8"]
[EventCountry "USA"]
[SourceTitle "EXT 2016"]
[Source "ChessBase"]
[SourceDate "2015.10.08"]
[SourceVersion "1"]
[SourceVersionDate "2015.10.08"]
[SourceQuality "1"]

1. e4 e6 2. d4 d5 3. e5 b6 4. f4 f6 5. Nf3 Bb7 6. c3 Nd7 7. Bd3 c5 8. 0-0 c4 9. Bc2 h6 10. Bg6+ Ke7 11. Na3 Bc6 12. Nc2 f5 13. Ne3 Qc8 14. Nh4 Kd8 15. Bf7 Ke7 16. Ng6+ Kxf7 17. Nxh8+ Ke8 18. Qh5+ Kd8 19. Qf7 Ne7 20. Qxe6 Kc7 21. Nf7 Qe8 22. Nxf5 Nxf5 23. Qxf5 Qe7 24. e6 Nf6 25. Ne5 Be8 26. Qh3 g6 27. f5 g5 28. Qf3 Qh7 29. Nxc4 g4 30. Qg3+ Kc6 31. Ne5+ Kb7 32. Nxg4 Ne4 33. Qe5 Kc6 34. f6 Bd6 35. Qf5 Bg6 36. Qf3 Ng5 37. Bxg5 hxg5 38. Ne5+ Kc7 39. g3 Rh8 40. Rf2 Be4 41. Qe2 Bd3 42. Nxd3 Bxg3 43. Rg2 Bd6 44. Ne5 g4 45. Rxg4 Rg8 46. Rxg8 Qxg8+ 47. Qg2 Qxe6 48. Qg7+ Kc8 49. f7 Qe7 50. Rf1 Qf8 51. Qg4+ Kb7 52. Qd7+ Ka6 53. Qxd6 1-0